00917nam a22002297a 4500003000900000005001700009007000300026008004100029040002500070082001500095100003200110245016600142260004600308300002000354500003300374504002700407590002700434910001400461942001300475952018200488999001700670DO-SdBNP20230217094004.0ta110713s1914 dr rm 000 0 spa d aDO-SdBNPbspacBNPHU axxxxbG2161 aGarcía Gautier, B.98243913a¿La mujer dominicana casada con un extranjero cuyo estatuto personal no admite el divorcio, puede ser divorciada en la República, conforme a su lei nacional?  aSanto Domingo :bEscobar i Cía.,c1914. a47 p. ;c23 cm. aTesis para la licenciatura.  aBibliografía p: [51] aInventariado, 2022/ YL aYLockward 2ddccLF2 00102ddc51708DS-FRVaBNPHUbBNPHUcCTd2022-09-27l0oxxxx G216p2022-4089r2022-09-27w2022-09-27yLF2zPerteneció a la biblioteca personal de Carlos Larrazábal Blanco. c52479d52479